| 000 | 00761nam a2200229 i 4500 | ||
|---|---|---|---|
| 001 | 86463 | ||
| 003 | ES-MaACL | ||
| 005 | 20230906175443.0 | ||
| 007 | t| | ||
| 008 | 041213s1985 sp ||||1| spa d | ||
| 020 | _a84-206-2441-1 | ||
| 100 | 1 |
_aKantorowicz, Ernst H. _967506 |
|
| 245 | 1 | 4 |
_aLos dos cuerpos del rey _b: un estudio de teología política medieval / _cErnst H. Kantorowicz ; versión española de Susana Aikin Araluce y Rafael Blázquez Godoy. |
| 260 |
_aMadrid : _bAlianza, _c[1985] |
||
| 300 |
_a529 p., 12 lám. ; _c20 cm. |
||
| 490 | 1 |
_aAlianza universidad ; _v441 |
|
| 500 | _aIndices. | ||
| 504 | _aBibliografía. | ||
| 830 | 0 |
_aAlianza universidad ; _v441 _9177276 |
|
| 852 |
_aES-MaACL _jL-12020 _bR.114326 |
||
| 999 |
_c86463 _d86463 |
||